Russia's Arctic policy in the twenty-first century: national and international dimensions (Record no. 1435988)

MARC details
000 -LEADER
fixed length control field 00366 a2200121 4500
000 - LEADER
fixed length control field nam a22 7a 4500
005 - DATE AND TIME OF LATEST TRANSACTION
control field 20250922144055.0
020 ## - INTERNATIONAL STANDARD BOOK NUMBER
International Standard Book Number 9781498551595 (pbk)
100 ## - MAIN ENTRY--PERSONAL NAME
Personal name Maria L. Lagutina
9 (RLIN) 822211
245 ## - TITLE STATEMENT
Title Russia's Arctic policy in the twenty-first century: national and international dimensions
260 ## - PUBLICATION, DISTRIBUTION, ETC.
Name of publisher, distributor, etc. Lexington books
Date of publication, distribution, etc. 2019
942 ## - ADDED ENTRY ELEMENTS (KOHA)
Koha item type Textbook

No items available.

Copyright @ Delhi University Library System